000 00648nam a2200253 a 4500
001 0001-1139
003 ELIB.Books
008 150505 2010 eng
020 _a0664219306
035 _a(ELIB.Books)0001-1294
092 _a225.9
_bBec
100 _aBecker, Jurgen.
245 _aPaul Apostle To The Gentiles
250 _aFirst Edition
260 _aLouisville
_bWestminster/ John Knox Press
_c1993
300 _a513
_c23.5 Cm
500 _aC/o Moe Lwei
650 _aNew Testament
856 _nKBTS: Library
_uKBTS: Elib
942 _2ddc
_cBK
990 _a1
998 _cbat
_e2015-05-05
999 _c11139
_d11139